| 000 | 01988nam a2200265 4500 | ||
|---|---|---|---|
| 003 | CO-ViMGA | ||
| 020 | _a9789583046193 | ||
| 040 |
_aCO-ViMGA _bspa _cCO-ViMGA |
||
| 090 | _a C MORi | ||
| 100 | 1 |
_aMorlot, Frédéric, _d 1982- _92385 |
|
| 245 | 1 | 0 |
_aLas iluminaciones de Albert Einstein / _c contado por Frédéric Morlot ; ilustrado por Anne-Margot Ramstein ; traducción Nuría Rioja Jiménez |
| 260 |
_aBogotá : _bPanamericana, _c2016 |
||
| 300 |
_a 63 páginas : _b ilustraciones en color ; 21 cm |
||
| 500 | _aIncluye datos biográficos del autor y del ilustrador | ||
| 520 | _a "Ahora aprender filosofía es mucho más fácil y divertido. Esta nueva serie busca presentar a los mayores filósofos y científicos de la historia y sus ideas, de una forma sencilla, novelada y con tono humorístico que permite acercarse a los conceptos científicos con mayor facilidad. Apoyado además en llamativas ilustraciones, estos libros son una nueva herramienta en la enseñanza de la filosofía y la ciencia. En 1896, encargan al joven Albert Einstein iluminar la Feria de Múnich. Pero la operación resultó catastrófica y, poco a poco, tendrá que enfrentarse a las leyes del universo. ¿Se puede viajar más rápido que la luz? ¿Podemos viajar a través del tiempo? ¿Qué es el azar? Una bella historia sobre una de las mentes más brillantes de la humanidad. Aquí nos presentan sus años tempranos, y se deja ya entrever el origen de la teoría de la relatividad" | ||
| 534 | _tLes Illuminations d'Albert Einstein | ||
| 600 |
_aEinstein, Albert _vAdaptaciones literarias _x Pensamiento filosófico _y1879-1955 _92386 |
||
| 650 | 1 | 4 |
_a Filosofía alemana en la literatura _92387 |
| 650 | 1 | 4 |
_a Física en la literatura _92389 |
| 650 | 1 | 4 |
_a Teoría de la relatividad en la literatura _92388 |
| 650 | 1 | 4 |
_aCientíficos alemanes en la literatura _92390 |
| 700 | 1 |
_a Jiménez, Nuría Rioja _etr. _92392 |
|
| 700 | 1 |
_aRamstein, Anne-Margot, _eil. _92391 |
|
| 942 |
_2ddc _cBK |
||
| 999 |
_c7205 _d7205 |
||